| 000 | 00647cam a2200181 a 4500 | ||
|---|---|---|---|
| 020 | _a0826915566 | ||
| 082 | 0 | 0 |
_a621.31934 _bAME _cD |
| 110 |
_aAmerican Technical Publishers, Inc. _941602 |
||
| 245 | 0 | 0 | _aNational electrical code blueprint reading based on the 1993 NEC. |
| 260 |
_aHomewood, Ill. : _bAmerican Technical Publishers, _cc1992. |
||
| 300 |
_aviii, 192 p. : _bill. (some col.) ; _c28 cm. |
||
| 500 | _aIncludes index. | ||
| 526 |
_a0 _b0 _c0 _d621_319340000000000_AME |
||
| 650 | 0 |
_aBlueprints. _937725 |
|
| 650 | 0 |
_aElectric wiring _xCharts, diagrams, etc. _941603 |
|
| 650 | 0 |
_aMCE _xInsurance requirements. _941604 |
|
| 942 |
_2ddc _cBK |
||
| 999 |
_c545668 _d545668 |
||